000 00515nam a2200217Ia 4500
008 170918s9999 xx 000 0 und d
020 _a590738712
050 _bP855 1997
100 _aPosner, Jackie
245 _aTaking flight :
245 _ba book about flight /
245 _cJackie Posner.
260 _aNew York :
260 _bScholastic,
260 _c1997
300 _aunpaged :
300 _bcolored illustration ;
300 _c20cm.
440 _aThe magic school bus.
500 _a490
999 _c341366
_d341366